000 00585nam a2200181 i 4500
001 41756
003 ES-MaACL
005 20250513063019.0
007 t|
008 030311s1956 sp ||||1| spa d
100 1 _aCastán Palomar, Fernando,
_d1898-1963
_936390
245 1 0 _aCavia
_b: el polígrafo castizo : (selección de artículos) /
_cFernando Castán Palomar.
260 _aPamplona :
_bGómez,
_c[1956]
300 _a264 p., 2 lám. ;
_c19 cm.
600 1 4 _aCavia, Mariano de,
_d1855-1920
_937196
852 _aES-MaACL
_jC-11035
_bR.39125
999 _c41756
_d41756